000 00874naa a22002417a 4500
001 BR7404923
003 BR-BrBNA
005 20250709164622.0
007 ta
008 250630b bl.|||m| |||| 00| 0 por d
040 _aBR-BrBNA
_bpor
_cBiblioteca Nacional de Agricultura
041 _a(Pt)
072 _aH10
_b0230
090 _aH10 BR7404923
100 1 _aValsechi, O.
245 1 _aInfluencia do ataque da broca (Diatraea saccharalis Fabr.)sobre a composicao do caldo e do colmo da cana de acucar [Saccharum officinarum]
500 _aRelatorio do bienio 1972/1973 Piracicaba, SP (Brasil): [nd]. p. 42 [Summary only] (BR7404923-AMS)
650 _aCANA DE ACUCAR
650 _aBROCA
490 _aRelatorio - Escola Superior de Agricultura Luiz de Queiroz. Depto. de Tecnologia Rural (Brazil)
942 _cAMS
_2AGRIS
909 _a202506
_bLúcia
_c55
_dLúcia Elande
999 _c332721
_d332721